Générique Tic et Tac, les rangers du risque - Paroles - Statistiques

Statistiques générales
  • Ce quiz a été pris 34 fois
  • Le résultat moyen est 20 sur 29
Statistiques - réponses
Paroles % Correct
Rangers du {risque}
100%
Rangers du {risque}
93%
Tic, Tic, Tic, Tic et {Tac}
93%
Tic, Tic, Tic, Tic et {Tac}
93%
Rangers du {risque}
90%
Rangers du {risque}
90%
Tic, Tic, Tic, Tic et {Tac}
90%
Tic, Tic, Tic, Tic et {Tac}
90%
Rangers du {risque}
86%
Rangers du {risque}
86%
Tic, Tic, Tic, Tic et {Tac}
86%
Tic, Tic, Tic, Tic et {Tac}
86%
Tic, Tic, Tic, Tic et {Tac}
86%
Criez au {secours}
83%
Plongent à votre {secours}
76%
Qui font la {paire}
76%
Leur tactique c'est l'{attaque}
72%
Pour dénouer les fils du {mystère}
62%
Et ils {rappliquent}
55%
A l'instant {critique}
52%
Par la {panique}
52%
Quand tout le monde {craque}
52%
Du {crime}
41%
Ne tombez plus dans la {déprime}
41%
{Vengeurs}
34%
{Victimes}
34%
Deux {détectives} hors pair
31%
Les {sauveurs}
31%
Quand vous êtes {dévorés}
24%
Aucun quiz correspondant
Distribution des résultats
% des personnes avec chaque résultat
Percentile par nombre de réponses
Votre historique - résultats
Vous n’avez pas pris ce quiz